Poisson - Culture Générale - Statistiques

Statistiques générales
  • Ce quiz a été pris 26 745 fois
  • Le résultat moyen est 14 sur 20
Statistiques - réponses
Question Réponse % Correct
Frais ou fumé, il est très apprécié par de nombreux restaurateurs et consommateurs (et par les ours!) Saumon
98%
Film présentant un petit poisson-clown qui disparaît avant de se retrouver dans l'aquarium d'un dentiste Le monde de Nemo
94%
Plat traditionnel japonais habituellement composé de poissons crus Sushi
94%
Terme utilisé pour désigner un groupe important de poissons Banc
92%
Créature mi-femme mi-poisson originaire du folklore médiéval Sirène
92%
Poisson carnivore, énormément craint, vivant dans les rivières d'Amérique du Sud Piranha
91%
Organe interne permettant aux poissons de respirer Branchie
88%
Tradition où il est coutume d'accrocher un poisson, souvent en papier, dans le dos d'une personne Poisson d'avril
83%
Genre de poissons également connu sous le nom de "cheval de mer" Hippocampe
81%
Quelle est l'expression contraire d' « avoir une mémoire de poisson rouge »? «Avoir une mémoire d'{éléphant}»
79%
Pays qui attrape le plus de poissons Chine
74%
Espèce de poissons, dont le nom découle de la Sardaigne, en raison des Grecs qui avaient remarqué qu'elle abondait dans ses eaux côtières Sardine
68%
Grand poisson osseux des récifs coralliens et empereur français Napoléon
63%
Famille de poissons ayant la capacité de gonfler et possédant des toxines extrêmement puissantes Poisson-{globe}
63%
Terme désignant l'ensemble des zones très profondes d'un océan où vivent plus de 2000 espèces de poissons, utilisant pour la plupart la bioluminescence Abysse
62%
Quel animal aquatique, de la famille des coraux, est normalement mortel, mais avec lequel les poissons-clowns vivent en interaction? Anémone de mer
59%
Petit poisson jaune, le meilleur ami d'Ariel Polochon
41%
Plus grand type de poisson pouvant mesurer 14 mètres Requin-baleine
30%
Quel insecte également nommé "lépisme" est considéré indésirable en raison de son appétit a dévorer les livres dans les bibliothèques? Poisson d'{argent}
24%
Seul quintette avec piano, en la majeur, composé par Franz Schubert La Truite
22%
Aucun quiz correspondant
Distribution des résultats
% des personnes avec chaque résultat
Percentile par nombre de réponses
Votre historique - résultats
Vous n’avez pas pris ce quiz